| 000 | 00746nam a2200193Ia 4500 | ||
|---|---|---|---|
| 003 | GCL | ||
| 005 | 20240530105107.0 | ||
| 008 | 140319s9999 xx 000 0 ara d | ||
| 040 |
_aGCL / _cGCL |
||
| 082 | 0 | 4 |
_a377.1/ _bا م |
| 100 | 1 | _aاحمد شلبى | |
| 245 | 1 | 0 |
_aموسوعة الحضارة الاسلامية. _nمج 5، _pالتربية والتعليم فى الفكر الاسلامى جوانب التاريخ والنظم والفلسفة / _cاحمد شلبى |
| 260 |
_aالقاهرة : _bمكتبة النهضة المصرية ، _c1994 |
||
| 300 |
_a445 ص؛ _c24 سم |
||
| 490 |
_aموسوعة الحضارة الاسلامية _v0 |
||
| 650 | 0 | 4 | _aالاسلام |
| 650 | 0 | 4 | _aالتعليم الدينى |
| 942 |
_2ddc _cBK |
||
| 999 |
_c53108 _d53108 |
||